MDQL
is popping MORE tags! Check the
thread
!
Quizzes
Events
Quiz Creation
Community
Videos
Private Events
Remove Ads
Sign In
Join for FREE
Feedback
Dark Mode
Quiz Categories
Sports
Geography
Music
Movies
Television
Just For Fun
Miscellaneous
History
Literature
Language
Science
Gaming
Entertainment
Religion
Holiday
For Kids
Quiz Lab
Recent
Popular Today
Quiz Kudos Today
Editor Picks
Curator Picks
Quizzes by...
Day
Popularity
Type
Ratings
Length
Year
Community
Subscriptions
Recent Discussions
Orange Saloon
Badges
Playlists
Quests
Create
Leaderboards
Showdown
Live 5
Trivia Bingo
Activity
Puzzle Library
Sporcle Events
Private Events
Virtual Trivia
Globe League
Become a Host
Pub Owners
SporcleCon
Opinionation
Our Games
Videos
Blog
Mobile Apps
Partnerships
Remove Ads and Go Orange
Feedback
Television
TV Characters
TV Show
Sitcom
Network
Friends
Reality Shows
Cast
South Park
Star Trek
The Simpsons
Doctor Who
Television
TV Characters
TV Show
Sitcom
Network
Friends
Reality Shows
Cast
South Park
Star Trek
The Simpsons
Doctor Who
Random Quiz
Search Sporcle
×
Quiz Lab
Quiz Lab
Television
Actor
Type in answers that appear in a list
Type in answers that appear in a list
Classic
Best Score? Go Orange.
Antagonists of 24 Stats
Can you name the Antagonists of 24?
By
Thief
12m
35 Questions
152 Plays
152 Plays
152 Plays
Comments
Comments
Give Quiz Kudos
Give Quiz Kudos
-
- Ratings
hide this ad
Forced Order
Answers have to be entered in order
Answers have to be entered in order
Replay
Link that replays current quiz
Next Quiz
Link to next quiz in quiz playlist
You Got
0%
They Got
Avg Score
67%
Avg Friend Score
Upgrade to see
Score Distribution
Jump to the score distribution portion of the page
Score
0/35
Timer
12:00
0
Plays Today
Actor/Actress
Antagonist
% Correct
Dennis Hopper
Victor Drazen
89.5%
Michael Massee
Ira Gaines
84.9%
Zeljko Ivanek
Andre Drazen
83.6%
Misha Collins
Alexis Drazen
80.9%
Laura Harris
Marie Warner
79.6%
Gregory Itzin
Charles Logan
79.6%
Joaquim de Almeida
Ramon Salazar
78.9%
Arnold Vosloo
Habib Marwan
78.3%
Vincent Laresca
Hector Salazar
77.6%
Paul Blackthorne
Stephen Saunders
77.6%
Carlos Bernard
Tony Almeida
75%
Sarah Clarke
Nina Myers
75%
Nestor Serrano
Navi Araz
73.7%
Penny Johnson Jerald
Sherry Palmer
73%
Peter Weller
Christopher Henderson
72.4%
Greg Ellis
Michael Amador
71.1%
Tobin Bell
Peter Kingsley
70.4%
Mia Kirshner
Mandy
69.7%
Actor/Actress
Antagonist
% Correct
Francesco Quinn
Syed Ali
67.8%
Thomas Kretschmann
Max
65.8%
James Cromwell
Phillip Bauer
65.8%
Jon Voight
Jonas Hodges
63.8%
Richard Burgi
Kevin Carroll
61.2%
Ned Vaughn
Mitch Anderson
60.5%
Tzi Ma
Cheng Zhi
60.5%
Hakeem Kae-
Kazim
Ike Dubaku
60.5%
Paul McCrane
Graem Bauer
59.9%
Adoni Maropis
Abu Fayed
59.9%
Tony Todd
Benjamin Juma
58.6%
Julian Sands
Vladimir Bierko
57.9%
Will Patton
Alan Wilson
57.9%
Rade Serbedzija
Dmitri Gredenko
53.3%
Tony Plana
Omar
46.7%
Mark Sheppard
Ivan Erwich
45.4%
David Dayan Fisher
Anton Beresch
39.5%
Quiz Playlist
Details
Report
Send in Message
Add To Playlist
Classic:
Type in answers that appear in a list
Forced Order:
Answers have to be entered in order
Last Updated: Feb 16, 2017
Quiz Scoreboard
CHALLENGE
Sign Up to Join the Scoreboard
Show All
Scores
Hide
Comments
May contain spoilers
Recently Published
Street Fighter Characters
by Artimus82
Gaming
60s
9x9 Crossword: Cartoon Network
by jackfrog10
Miscellaneous
3m
College Basketball Coaching Resumes
by pancakes188
Sports
9m
More to Explore
Quiz From the Vault
Featured Blog Post
Where Did the Easter Bunny Come From?
hide this ad
You Might Also Like...
Tags
Actor Quiz
Actress Quiz
antagonist
description
Today's Top Quizzes in Television
Browse Television
hide this ad
Today's Top Quizzes in Actor
Browse Actor
Top Contributed Quizzes in Television
1
5-to-1: The Simpsons Families
2
Adjectives in 80s TV Shows
3
Adjectives in 00s TV Shows
4
Survivor Journey Challenge
5
5-to-1: Television Doctors
6
7-to-1: TV Show Settings
7
Adjectives in 10s TV Shows
8
5-to-1: Streaming Originals
9
Survivor Seasons
10
Adjectives in 70s TV Shows
Explore More
Trending Topics
NBA
Disney
Crossword
Marvel
Anime
Harry Potter
Kpop
NFL
Puzzle
Song
Country
Pokémon
The Office
Soccer
WWE
hide this ad
More By:
Thief
Quiz
Plays
Rating
Category
Featured
Created
Classic NBA Team Logos
10,705
4.33
Sports
Jan 24, 2015
Colonial Marines in Aliens
7,529
4.32
Movies
Dec 20, 2009
NBA Players with One Team through their Career
1,639
3.40
Sports
Jun 1, 2011
Game of Thrones: The Killed and the Killers
1,396
4.56
Television
Aug 29, 2017
Countries with the word Saint
1,102
3.42
Geography
Dec 24, 2009
Go to Creator's Profile
Score Distribution
Quiz Creator Spotlight
Thief
Follow
Send a Message
Quizzes Created
-
Created Quiz Play Count
-
More By This Creator
Popular Quizzes Today
1
Find the US States - No Outlines Minefield
2
Find the Countries of Europe - No Outlines Minefield
3
The Countries of the World
4
Find the US States
5
Risky Map Clicking: Biggest States A-Z
6
US States
7
Popular People in 1961
8
Movies - When Are They Set?
More Television Quizzes
Calling “The Walking Dead”!
Curator's Pick
Trending Quizzes
Risky Map Clicking: Least Populous States A-Z
Countries of the World: 200 Million BC
1-10 Letter G Words
Risky Map Clicking: Next State Alphabetically
Adjectives in 80s TV Shows
Recently Updated
Leaping Animals
pecheneg
Reality TV Shows (A-Z)
bhenderson79
Rickey Henderson's Hall of Fame Teammates
pecheneg
Champions League XIs: Arsenal
pecheneg
Quick Pick: Celebrities in WWE's Hall of Fame
aduchscher
A-Z Keypad Blitz II
pecheneg
Multiple Oscar Actors
pecheneg
Mystery Phrase Blitz: Oscar 'Best Actors'
pecheneg
F. Scott Fitzgerald Novels
LTH
Pick 3 Villains
ddd62291
Trending Topics
Disney
Anime
Marvel
Crossword
Harry Potter
NBA
Kpop
Country
Puzzle
Song
The Office
Soccer
NFL
WWE
Pokémon
Your Account Isn't Verified!
In order to create a playlist on Sporcle, you need to verify the email address you used during registration. Go to your
Sporcle Settings
to finish the process.
Report this User
Report this user for behavior that violates our
Community Guidelines
.
Details:
Send Report
Go to the Sporcle.com Mobile Site →
Comments